Statistics for New Zealand Country Quiz

Click here to take the quiz!

General Stats

  • This quiz has been taken 19,383 times
    (2,043 since last reset)
  • The average score is 15 of 20

Answer Stats

Hint Answer % Correct
Capital cityWellington
99%
Most populous cityAuckland
97%
Bird that symbolizes New ZealandKiwi
96%
Currency of New ZealandDollar
95%
Indigenous people of New ZealandMāori
94%
Peter Jackson film trilogy shot
mainly in New Zealand
The Lord of the
Rings
90%
New Zealand was the first country
to grant universal suffrage to _____
Women
89%
Most populous city on the
South Island
Christchurch
87%
Name of the national rugby union teamAll Blacks
83%
Tallest mountainAoraki / Mt. Cook
83%
Country in which you'd find the
province of Zeeland, after which
New Zealand was named
Netherlands
83%
The population of this animal reached
a peak of 70 million in 1982
Sheep
79%
Legendary mountain climber
who died in 2008
Edmund Hillary
69%
First European explorer to
see New Zealand
Abel Tasman
61%
Type of gigantic flightless bird
hunted to extinction by 1500 AD
Moa
52%
Range in which the above
can be found
Southern Alps
51%
Perhaps New Zealand's top
tourist attraction
Milford {Sound}
50%
Name for New Zealand,
in the language of the above
Aotearoa
41%
Largest lakeLake Taupo
33%
Longest riverWaikato River
25%

Score Distribution

Percentile by Number Answered

Percent of People with Each Score

Your Score History

You have not taken this quiz since the last reset